00388nam a2200145Ia 4500003000400000008004100004040001600045082002100061100001900082245004100101260003000142650002300172650001200195650003500207GCL140319s9999 xx 000 0 eng d aGCL / cGCL04aCHb372.216bF T1 aFROEBEL-KAN CO10aHOW MANY .. 1 2 3 / cFROEBEL-KAN CO a[S.N] : bFROEBEL- KAN CO04aSTUDY AND TEACHING04aREADING04aLANGUAGE - EXPERIENCE APPROACH